000 00741nam a22002177a 4500
010 _aA-273747
020 _c80.00
035 _aA-273747
037 _bCen Lib / Ret
040 _aDPL
_bEN
082 _a040
_bGAN
100 _aGandhi, Indira
245 _aSelected speeches and writings of Indira Gandhi /
_cby Indira Gandhi
260 _aNew Delhi
_bPublications Division, Ministry of Information and Broadcasting, Govt. of India,
_c1907
270 _aSuper Bazar Connaught Circus
_bNew Delhi
_e110001
300 _a(v 4. 614p)
_b27cm(Hb)
505 _av 3. September 1972-March 1977.
650 _aIndia -- Politics and government -- 1947-
650 _aPolitics and government
942 _2ddc
_cEN
_h040
_mGAN
999 _c136569
_d136569